000 00542nam a22001817a 4500
005 20250825155058.0
008 250825b |||||||| |||| 00| 0 eng d
020 _a9781647827205
041 _aEng
082 _a006.3 DAU
100 _aDaugherty, R. Paul
245 _aHuman + Machine Updated and Expanded: Reimagining Work in the Age of AI
260 _aBoston
_bHarvard Business Review Press
_c2024
300 _a324;. P. 24 cm
650 _aInformation Technology; Artificial intelligence
700 _aWilson H. James
942 _cBK
999 _c46482
_d46482